Indian Economy (Record no. 1357)

MARC details
000 -LEADER
fixed length control field 00398nam a22001697a 4500
005 - DATE AND TIME OF LATEST TRANSACTION
control field 20180226170404.0
008 - FIXED-LENGTH DATA ELEMENTS--GENERAL INFORMATION
fixed length control field 160521b xxu||||| |||| 00| 0 eng d
020 ## - INTERNATIONAL STANDARD BOOK NUMBER
ISBN 978-81-8488-038-0
041 ## - LANGUAGE CODE
Language code of text/sound track or separate title eng
082 ## - DEWEY DECIMAL CLASSIFICATION NUMBER
Item number 3991
Classification number 330.954
100 ## - MAIN ENTRY--AUTHOR NAME
Personal name Mishra - Puri
245 ## - TITLE STATEMENT
Title Indian Economy
260 ## - PUBLICATION, DISTRIBUTION, ETC. (IMPRINT)
Name of publisher Himalaya Publishing House
300 ## - PHYSICAL DESCRIPTION
Number of Pages 829
650 ## - SUBJECT ADDED ENTRY--TOPICAL TERM
Topical Term Management
942 ## - ADDED ENTRY ELEMENTS (KOHA)
Koha item type Books
Holdings
Lost status Damaged status Collection code Home library Current library Shelving location Date acquired Source of acquisition Cost, normal purchase price Full call number Accession Number Koha item type
    MANAGEMENT JRU Library JRU Library SHELF-58-E 21/05/2016 PURCHASE 398.00 330.954 3991 Books
    MANAGEMENT JRU Library JRU Library SHELF-58-E 21/05/2016 PURCHASE 398.00 330.954 3992 Books
    MANAGEMENT JRU Library JRU Library SHELF-58-E 21/05/2016 PURCHASE 398.00 330.954 3993 Books
    MANAGEMENT JRU Library JRU Library SHELF-58-E 21/05/2016 PURCHASE 398.00 330.954 3994 Books
    LAW JRU Library JRU Library SHELF-32-D 21/05/2016   398.00 330.954 3995 Books
    MANAGEMENT JRU Library JRU Library SHELF-58-E 21/05/2016 PURCHASE 398.00 330.954 3996 Books
    Reference JRU Library   SHELF-28-C 21/05/2016   398.00 330.954 3997 Books
    MANAGEMENT JRU Library JRU Library SHELF-58-E 21/05/2016 PURCHASE 398.00 330.954 3998 Books
    LAW JRU Library JRU Library SHELF-32-D 21/05/2016   398.00 330.954 3999 Books
    MANAGEMENT JRU Library JRU Library SHELF-58-E 21/05/2016 PURCHASE 398.00 330.954 4000 Books
    MANAGEMENT JRU Library JRU Library SHELF-58-E 21/05/2016 PURCHASE 398.00 330.954 4001 Books
    MANAGEMENT JRU Library JRU Library SHELF-58-E 21/05/2016 PURCHASE 398.00 330.954 4002 Books
    MANAGEMENT JRU Library JRU Library SHELF-58-E 21/05/2016 PURCHASE 398.00 330.954 4003 Books
    LAW JRU Library JRU Library SHELF-32-D 21/05/2016   398.00 330.954 4004 Books
    MANAGEMENT JRU Library JRU Library SHELF-58-E 21/05/2016 PURCHASE 398.00 330.954 4005 Books